000 00776nam a2200253 i 4500
003 DO-SdBNP
005 20251112084810.0
007 ta
008 251112s1991 dr ac 000 0 spa d
040 _aDO-SdBNP
_bspa
_cBNPHU
_erda
041 _aspa
082 4 _axxx
_bA516c
_222
100 1 _aAmiama Tío, Mercedes
_eautor
_4aut.
_945446
245 1 3 _a50 años de experiencia en el arte de la cocina /
_cMercedes Amiama Tió
246 1 _aCincuenta años de experiencia en el arte de la cocina
264 _aSanto Domingo :
_bTaller,
_c1991
300 _a379 páginas ;
_c24 cm.
336 _2rdacontent
_atexto
_btxt
337 _2rdamedia
_asin mediación
_bn
338 _2rdacarrier
_avolumen
_bnc
590 _aInventariado, 2025/ DG
910 _aDG
942 _2ddc
_cLBS1
999 _c60028
_d60028